Sports Quiz

Random Sports or NBA Quiz

Guess the NBA Player Quiz Stats

Quiz not verified by Sporcle

Also try: Mixed Big 4 Logos
Challenge
Share
Tweet
Score 0/300 Timer 20:00
0 Plays Today
% Correct
Michael Jordan
98.5%
Wilt Chamberlain
85.8%
Bill Russell
82.7%
Shaquille O'neal
82.7%
Magic Johnson
80.7%
Larry Bird
78.7%
Kobe Bryant
78.7%
Tim Duncan
78.2%
Kareem Abdul-Jabbar
70.6%
Jerry West
70.1%
Oscar Robertson
68%
Hakeem Olajuwon
65.5%
Julius Erving
64%
Lebron James
62.4%
Charles Barkley
61.9%
Scottie Pippen
60.9%
Kevin Garnett
60.4%
Isaiah Thomas
59.9%
John Stockton
59.4%
Jason Kidd
57.4%
Allen Iverson
56.9%
Karl Malone
54.3%
David Robinson
53.8%
Dennis Rodman
52.8%
Dwayne Wade
52.3%
Patrick Ewing
51.3%
Dirk Nowitzki
49.7%
Reggie Miller
48.2%
Steve Nash
47.7%
Dwight Howard
46.7%
Paul Pierce
46.2%
Ray Allen
46.2%
Moses Malone
45.2%
Kevin Mchale
45.2%
Gary Payton
45.2%
Dominique Wilkins
45.2%
Bob Pettit
44.7%
Elgin Baylor
44.2%
Rick Barry
42.6%
Pau Gasol
42.6%
Wes Unseld
42.1%
Clyde Drexler
42.1%
Carmelo Anthony
42.1%
Chris Paul
41.6%
Vince Carter
41.1%
Bob Cousy
40.1%
Tracy Mcgrady
39.1%
Tony Parker
38.1%
John Havlicek
37.1%
George Mikan
36%
Walt Frazier
35.5%
James Worthy
35.5%
Chris Mullin
35.5%
Yao Ming
35.5%
Manu Ginobili
34%
Chris Bosh
34%
Tim Hardaway
33.5%
Dikembe Mutombo
33.5%
Deron Williams
33.5%
Bill Walton
33%
Ben Wallace
33%
Chauncey Billups
33%
Chris Webber
32.5%
Metta World Peace
32.5%
George Gervin
32%
Alonzo Mourning
31%
Robert Parish
30.5%
Amare Stoudemire
29.9%
Joe Dumars
29.4%
Alex English
29.4%
Nate Thurmond
28.9%
Elvin Hayes
28.4%
Grant Hill
28.4%
Horace Grant
27.4%
Pete Maravich
26.9%
Shawn Kemp
26.4%
Willis Reed
25.9%
Mitch Richmond
25.4%
Anfernee Hardaway
25.4%
Shawn Marion
24.9%
Carlos Boozer
23.9%
Rasheed Wallace
21.8%
Bernard King
20.8%
Lamar Odom
20.8%
Joe Johnson
20.3%
Larry Johnson
19.8%
Sam Cassell
19.8%
Dennis Johnson
19.3%
Kevin Johnson
19.3%
Zach Randolph
19.3%
Dave Cowens
18.8%
Tiny Archibald
17.8%
Sam Jones
17.8%
Mark Price
17.8%
Baron Davis
17.8%
Billy Cunningham
17.3%
Jermaine Oneal
16.2%
Gilbert Arenas
16.2%
Stephon Marbury
16.2%
Richard Hamilton
15.7%
% Correct
Latrell Sprewell
15.7%
Mark Jackson
15.2%
Peja Stojakovic
15.2%
Jerry Lucas
14.7%
Michael Cooper
14.7%
Steve Francis
14.7%
Mike Bibby
14.7%
Brad Daugherty
14.2%
Lafayette Lever
14.2%
Artis Gilmore
13.7%
Sidney Moncrief
13.7%
David West
13.7%
Ralph Sampson
13.2%
Andre Miller
13.2%
Dolph Schayes
12.7%
Earl Monroe
12.7%
Zydrunas Ilgauskas
12.7%
Glenn Robinson
12.7%
Lenny Wilkens
12.2%
Larry Nance
12.2%
Elton Brand
12.2%
David Thompson
11.7%
Dave Debusschere
11.7%
Bob Love
11.7%
Tom Chambers
11.7%
Antoine Walker
11.7%
Toni Kukoc
11.7%
Maurice Cheeks
11.2%
Terry Porter
11.2%
Vlade Divac
11.2%
Mark Aguirre
10.7%
Hal Greer
10.2%
Terry Cummings
10.2%
Michael Redd
10.2%
Jason Richardson
10.2%
Bill Laimbeer
10.2%
Bruce Bowen
10.2%
Doc Rivers
10.2%
Tom Heinsohn
9.6%
Bobby Jones
9.6%
Detlef Schrempf
9.6%
Connie Hawkins
9.1%
Adrian Dantley
9.1%
Rudy Tomjanovich
9.1%
Jamal Mashburn
9.1%
Marcus Camby
9.1%
Antwan Jamison
9.1%
Bob Mcadoo
8.6%
Jack Sikma
8.6%
Lou Hudson
8.6%
Calvin Murphy
8.6%
Derrick Coleman
8.6%
Charles Oakley
8.6%
Rolando Blackman
8.1%
Jamaal Wilkes
7.6%
Jo Jo White
7.6%
Bill Bradley
7.6%
A.C Green
7.6%
Jeff Hornacek
7.6%
Damon Stoudamire
7.6%
Maurice Lucas
7.1%
Paul Westphal
7.1%
Kiki Vandeweghe
7.1%
Mookie Blaylock
7.1%
Dale Ellis
7.1%
Shareef Abdur-Rahim
7.1%
Nick Van Exel
7.1%
Bill Sharman
6.6%
Buck Williams
6.6%
Walter Davis
6.6%
George Mcginnis
6.6%
Reggie Theus
6.6%
World B Free
6.6%
Danny Manning
6.6%
Anthony Mason
6.6%
Doug Christie
6.6%
Jerry Stackhouse
6.6%
Glen Rice
6.6%
Kenyon Martin
6.6%
Walt Bellamy
6.1%
Jerry Sloan
6.1%
Norm Nixon
6.1%
Reggie Lewis
6.1%
Derek Harper
6.1%
Dan Majerle
6.1%
Terrell Brandon
6.1%
Rik Smits
6.1%
Eric Floyd
6.1%
Jack Twyman
5.6%
Paul Arizin
5.6%
Spencer Haywood
5.6%
Gus Williams
5.6%
Micheal Ray Richardson
5.6%
Eddie Jones
5.6%
Michael Finley
5.6%
Bob Lanier
5.1%
Dan Issel
5.1%
Richie Guerin
5.1%
Vern Mikkelsen
5.1%
K.C Jones
5.1%
% Correct
Rod Strickland
5.1%
Clifford Robinson
5.1%
Xavier Mcdaniel
5.1%
Bill Cartwright
5.1%
Cliff Hagan
4.6%
Bailey Howell
4.6%
Paul Silas
4.6%
John Drew
4.6%
Randy Smith
4.6%
Andrew Toney
4.6%
Doug Collins
4.6%
Alvin Robertson
4.6%
Kelly Tripucka
4.6%
Alvan Adams
4.6%
Jeff Malone
4.6%
Cedric Maxwell
4.6%
Orlando Woolridge
4.6%
Rony Seikaly
4.6%
Otis Thorpe
4.6%
Scott Wedman
4.6%
Tom Gugliotta
4.6%
Dave Bing
4.1%
Ed Macauley
4.1%
Slater Martin
4.1%
George Yardley
4.1%
Guy Rodgers
4.1%
Phil Chenier
4.1%
Bob Davies
4.1%
Phil Smith
4.1%
Rudy Larusso
4.1%
Bob Rule
4.1%
Joe Caldwell
4.1%
Larry Kenon
4.1%
Sidney Wicks
4.1%
Darrell Griffith
4.1%
Eddie Johnson
4.1%
Joe Fulks
3.6%
Jim Pollard
3.6%
Kevin Porter
3.6%
Norm Van Lier
3.6%
Willie Naulls
3.6%
Zelmo Beaty
3.6%
Marques Johnson
3.6%
Gene Shue
3.6%
Purvis Short
3.6%
Austin Carr
3.6%
Clark Kellogg
3.6%
Jeff Ruland
3.6%
John Lucas
3.6%
Caldwell Jones
3.6%
Fast Eddie Johnson
3.6%
Cliff Robinson
3.6%
Bob Dandridge
3%
Chet Walker
3%
Harry Gallatin
3%
Larry Foust
3%
Otis Birdsong
3%
Johnny Green
3%
Clyde Lovelette
3%
Don Ohl
3%
John Williams
3%
Arnie Risen
3%
Jim Mcmillan
3%
Truck Robinson
3%
Walter Dukes
3%
Frank Ramsey
3%
Harold Hairston
3%
Geoff Petrie
3%
Dan Roundfield
3%
Brian Winters
3%
Jack Marin
3%
Gus Johnson
2.5%
Dick Mcguire
2.5%
Tom Gola
2.5%
Andy Phillip
2.5%
Jimmy Walker
2.5%
Bill Bridges
2.5%
Ray Scott
2.5%
Mickey Johnson
2.5%
Quinn Buckner
2.5%
Terry Dischinger
2.5%
Bob Boozer
2.5%
Kenny Sears
2.5%
Phil Ford
2.5%
Jeff Mullins
2.5%
Lucius Allen
2.5%
Mike Mitchell
2.5%
Don Chaney
2.5%
Calvin Natt
2.5%
Neil Johnston
2%
Charlie Scott
2%
Bobby Wanzer
2%
Larry Costello
2%
Johnny Kerr
1.5%
Archie Clark
1.5%
Carl Braun
1.5%
Cazzie Russell
1.5%
Mel Hutchins
1.5%
Wayne Embry
1%
Max Zaslofsky
1%

You're not logged in!

Compare scores with friends on all Sporcle quizzes.
Sign Up with Email
OR
Log In

You Might Also Like...

Show Comments

Extras

Top Quizzes Today


Score Distribution

Your Account Isn't Verified!

In order to create a playlist on Sporcle, you need to verify the email address you used during registration. Go to your Sporcle Settings to finish the process.